000 00460nam a22001817a 4500
003 NUST - PNEC
005 20170116180820.0
008 150616b xxu||||| |||| 00| 0 eng d
020 _a-
040 _cLIBRARY
082 _a421.55 VAI
100 _94035
_aVaid, D.D.
245 _aHow to speak & write Better English
_cD.D. Vaid
260 _aNew Delhi:
_bCrient Paperbacks,
_cc1996.
300 _a176 p. :
_c20 cm.
650 _xGeneral
942 _2ddc
_cBK
999 _c63690
_d63690